| 000 | 00793nac a22002291u 4500 | ||
|---|---|---|---|
| 010 | _a 00268530 | ||
| 020 | _a0130161675 | ||
| 082 | 0 | 0 | _a005.74 |
| 090 |
_c5861 _d5861 |
||
| 100 | _a20080729 | ||
| 245 | 0 | 0 | _aInformix guide to designing databases and data warehouses. |
| 260 |
_aMenlo Park, CA : _bInformix Press,c2000. _cc2000. |
||
| 300 |
_a1 v. (various pagings) : _bill. ; _c24 cm. |
||
| 500 | _aIncludes index. | ||
| 500 | _aDistributer : Al-Ahram. | ||
| 511 | _aCatalogued By: Mahitab | ||
| 650 | 0 | _aDatabase design. | |
| 650 | 0 | _aData warehousing. | |
| 710 | 2 | _aInformix Software, Inc. | |
| 942 |
_cBB _k005.74 |
||
| 999 |
_c5861 _d5861 |
||